Mobile satellite communication networks / (Record no. 178706)
[ view plain ]
| 000 -LEADER | |
|---|---|
| fixed length control field | 01216 a2200241 4500 |
| 003 - CONTROL NUMBER IDENTIFIER | |
| control field | Nust |
| 005 - DATE AND TIME OF LATEST TRANSACTION | |
| control field | 20221209091930.0 |
| 010 ## - LIBRARY OF CONGRESS CONTROL NUMBER | |
| LC control number | 2001045408 |
| 020 ## - INTERNATIONAL STANDARD BOOK NUMBER | |
| International Standard Book Number | 047172047X (alk. paper) |
| 040 ## - CATALOGING SOURCE | |
| Transcribing agency | Nust |
| 082 00 - DEWEY DECIMAL CLASSIFICATION NUMBER | |
| Classification number | 621.382,SHE |
| 100 1# - MAIN ENTRY--PERSONAL NAME | |
| Personal name | Sheriff, Ray E. |
| 9 (RLIN) | 55796 |
| 245 10 - TITLE STATEMENT | |
| Title | Mobile satellite communication networks / |
| Statement of responsibility, etc. | Ray E. Sheriff and Y. Fun Hu. |
| 260 ## - PUBLICATION, DISTRIBUTION, ETC. | |
| Place of publication, distribution, etc. | Chichester, West Sussex, England ; |
| -- | New York, NY : |
| Name of publisher, distributor, etc. | Wiley, |
| Date of publication, distribution, etc. | c2001. |
| 300 ## - PHYSICAL DESCRIPTION | |
| Extent | xviii, 368 p. : |
| Other physical details | ill., maps ; |
| Dimensions | 25 cm. |
| 505 ## - FORMATTED CONTENTS NOTE | |
| Formatted contents note | Mobile Communication System Evolution (Page-1), Mobile Satellite Systems (Page-43), Constellation Characteristics and Orbital Parameters (Page-83), Channel Characteristics (Page-115), Radio Link Design (Page-147), Network Procedures (Page-197), Integrated Terrestrial Satellite Mobile Networks (Page-247), Market Analysis (Page-293), Future Developments (Page-319) |
| 650 #0 - SUBJECT ADDED ENTRY--TOPICAL TERM | |
| Topical term or geographic name entry element | Mobile communication systems. |
| 9 (RLIN) | 18556 |
| 650 #0 - SUBJECT ADDED ENTRY--TOPICAL TERM | |
| Topical term or geographic name entry element | Telecommunication Engineering |
| 700 1# - ADDED ENTRY--PERSONAL NAME | |
| Personal name | Hu, Y. Fun. |
| 9 (RLIN) | 104527 |
| 856 42 - ELECTRONIC LOCATION AND ACCESS | |
| Materials specified | Publisher description |
| Uniform Resource Identifier | <a href="http://www.loc.gov/catdir/description/wiley034/2001045408.html">http://www.loc.gov/catdir/description/wiley034/2001045408.html</a> |
| 856 42 - ELECTRONIC LOCATION AND ACCESS | |
| Materials specified | Table of Contents |
| Uniform Resource Identifier | <a href="http://www.loc.gov/catdir/toc/onix05/2001045408.html">http://www.loc.gov/catdir/toc/onix05/2001045408.html</a> |
| 942 ## - ADDED ENTRY ELEMENTS (KOHA) | |
| Source of classification or shelving scheme | |
| Koha item type | Book |
| Withdrawn status | Lost status | Source of classification or shelving scheme | Damaged status | Not for loan | Permanent Location | Current Location | Shelving location | Date acquired | Full call number | Barcode | Date last seen | Price effective from | Koha item type | Public note |
|---|---|---|---|---|---|---|---|---|---|---|---|---|---|---|
| Military College of Signals (MCS) | Military College of Signals (MCS) | General Stacks | 12/12/2016 | 621.382,SHE | MCS31561 | 12/08/2016 | 12/12/2016 | Book | Almirah No.35, Shelf No.5 |
